000
00245 a2200097 4500
001
18979
100
_a
A S M E
245
_a
Instruments and Apparatus Leak Detection & Leakege Measurements Pt-21
260
_a
_b
A S M E
_c
090
_c
14064
_d
14064
942
_a
NUST-CAE
_c
M
_c
4519
999
_c
254052
_d
254052